american jesus - nessa barrett - Statistics

General Stats
  • This quiz has been taken 42 times
  • The average score is 219 of 283
Answer Stats
Hint Answer % Correct
a
100%
he
100%
my
100%
american
97%
baby
97%
i
97%
jesus
97%
me
97%
chorus you
97%
be
94%
cross
94%
got
94%
his
94%
on
94%
all
91%
and
91%
blue
91%
verse 1 he's
91%
in
91%
know
91%
like
91%
neck
91%
to
91%
your
91%
bed
88%
do
88%
eyes
88%
of
88%
secrets
88%
we
88%
but
84%
lips
84%
look
84%
that
84%
the
84%
cherry
81%
green
81%
head
81%
little
81%
love
81%
smoke
81%
take
81%
wine
81%
down
78%
greatest
78%
halo
78%
heaven
78%
the greatest
78%
with
78%
breath
75%
brown
75%
cigarette
75%
hair
75%
jean
75%
sex
75%
spends
75%
tonight?
75%
won't
75%
pre-chorus knees
72%
life
72%
long
72%
please
72%
pretty
72%
read
72%
red
72%
you're
72%
at
69%
weakness
69%
white
69%
cowboy
66%
don't
66%
make
66%
no
66%
sundays
66%
can
63%
verse 2 lets
59%
so
59%
alter
56%
off
56%
sunset
56%
crown
53%
desert
53%
now
53%
out
53%
drive
50%
reborn
50%
saint
50%
save
50%
walk
50%
whore
50%
allegiance
47%
see
47%
tell
47%
water
47%
fail
44%
into
41%
bridge oh
41%
pledging
41%
too
41%
believe
38%
die
38%
stars
38%
ride
34%
alive
31%
never
31%
felt
28%
'til
25%
ah
22%
save me
13%
No matching quizzes found
Score Distribution
Percent of People with Each Score
Percentile by Number Answered
Your Score History
You have not taken this quiz